Name That -ectomy Quiz Stats

 Plays Quiz Updated Dec 6, 2018

Also try: Name That Ology
Challenge
Share
Tweet
Embed
Score 0/18 Timer 03:00
17 Plays Today
-ectomy Body part % Correct
Cardiectomyheart/cardiac stomach
97.5%
Appendectomyappendix
96.9%
Gastrectomystomach
87.9%
Pancreatectomypancreas
87.3%
Prostatectomyprostate
85.3%
Craniectomycranium
83.6%
Colectomycolon
81.5%
Mastectomybreast
80.5%
Hysterectomyuterus
75.2%
-ectomy Body part % Correct
Rhinectomynose
74.8%
Hepatectomyliver
67.1%
Nephrectomykidney
62.4%
Encephalectomybrain
58.8%
Oophorectomyovary
41.3%
Vasectomyvas deferens
39.4%
Cholecystectomygall bladder
39.1%
Glossectomytongue
37.8%
Orchidectomytestes
30.4%

You're not logged in!

Compare scores with friends on all Sporcle quizzes.
OR
Log In

You Might Also Like...

Show Comments

Extras

Top Quizzes Today


Score Distribution

Your Account Isn't Verified!

In order to create a playlist on Sporcle, you need to verify the email address you used during registration. Go to your Sporcle Settings to finish the process.

Report this User

Report this user for behavior that violates our Community Guidelines.

Details: